000 00251nam a22001217a 4500
041 _aENG
100 _aButterworth .Bill
245 _aFarm Tractors
260 _aLondon
_bE.& F.N Spon
_c1996
300 _a149
650 _aFMP
856 _uFMP ( 04 )
999 _c1433
_d1433